Pluralismo religioso en España
সংরক্ষণ করুন:
| প্রধান লেখক: | |
|---|---|
| বিন্যাস: | গ্রন্থ |
| ভাষা: | স্প্যানিশ |
| প্রকাশিত: |
Madrid
Sociedad de Educación Atenas
1996
Madrid Centro Ecuménico Misioneras de la Unidad 1996 |
| মালা: | Temas Vivos, 12
|
| বিষয়গুলি: | |
| ট্যাগগুলো: |
ট্যাগ যুক্ত করুন
কোনো ট্যাগ নেই, প্রথমজন হিসাবে ট্যাগ করুন!
|
MARC
| LEADER | 00000nam a2200000 a 4500 | ||
|---|---|---|---|
| 001 | UCM4077 | ||
| 003 | CL-VaPUC | ||
| 008 | 020726e19960000sp |||||||||||||||||spa|d | ||
| 020 | |a 8470204017v.3 | ||
| 082 | 0 | 4 | |a 291.172 |b GAR |2 21 |
| 100 | |a García Hernando, Julián |e author |9 474298 | ||
| 245 | 1 | 0 | |a Pluralismo religioso en España |
| 300 | |a v | ||
| 942 | |c BK | ||
| 945 | |d 20020726 00:00:00 |a cmena | ||
| 260 | |a Madrid |b Sociedad de Educación Atenas |c 1996 | ||
| 260 | |a Madrid |b Centro Ecuménico Misioneras de la Unidad |c 1996 | ||
| 500 | |a v.3: Religiones no cristianas | ||
| 650 | 7 | |a RELIGION COMPARADA |2 CL-VaPUC |9 470621 | |
| 650 | 0 | |a Filosofía de la religión |9 256017 | |
| 650 | 0 | |a Religiones |9 265211 | |
| 650 | 7 | |a DOCTRINAS RELIGIOSAS |2 CL-VaPUC |9 337177 | |
| 650 | 0 | |a Judaísmo |9 269348 | |
| 650 | 0 | |a Islamismo |9 314084 | |
| 650 | 7 | |a BUDISMO |2 CL-VaPUC |9 470622 | |
| 650 | 0 | |a Hinduismo |9 265212 | |
| 651 | 0 | |a España |9 254926 | |
| 583 | |a last modification |c 20171213 02:31:33 |k Rodrigo Vera | ||
| 490 | 0 | |a Temas Vivos, 12 | |
| 999 | |c 300985 |d 300983 | ||
| 952 | |0 0 |1 0 |4 0 |6 291_172000000000000_GAR_1996_1996 |7 0 |8 A |9 359482 |a BIBDER |b BIBDER |d 2019-11-21 |h v.3 |i 3827992 |l 1 |m 2 |o 291.172 GAR 1996 1996 |p 3827992 |q 2025-12-31 |r 2020-03-19 |s 2020-03-19 |w 2019-11-21 |y BK |k DER | ||
| 952 | |0 0 |1 0 |4 0 |6 291_172000000000000_GAR_1996_1996 |7 0 |8 A |9 359483 |a BIBTEO |b BIBTEO |d 2019-11-21 |h v.3 |i 4064615 |l 2 |m 1 |o 291.172 GAR 1996 1996 |p 4064615 |r 2024-12-04 |s 2024-11-22 |w 2019-11-21 |y BK |k ICR | ||
| 952 | |0 0 |1 0 |4 0 |6 291_172000000000000_GAR_1996_1996 |7 0 |8 A |9 359484 |a BIBTEO |b BIBTEO |d 2019-11-21 |h v.3 |i 4064623 |l 1 |o 291.172 GAR 1996 1996 |p 4064623 |r 2024-09-09 |s 2024-09-09 |w 2019-11-21 |y BK |k ICR | ||